Welcome to CU Library Online Public Access Catalogue (OPAC)

Fundamentals of financial management / (Record no. 8835)

MARC details
000 -LEADER
fixed length control field 01512cam a22004094a 4500
001 - CONTROL NUMBER
control field 145490
003 - CONTROL NUMBER IDENTIFIER
control field cuc123
005 - DATE AND TIME OF LATEST TRANSACTION
control field 20260225120118.0
008 - FIXED-LENGTH DATA ELEMENTS--GENERAL INFORMATION
fixed length control field 980727s1999 txua b 001 0 eng
010 ## - LIBRARY OF CONGRESS CONTROL NUMBER
LC control number 98071605
020 ## - INTERNATIONAL STANDARD BOOK NUMBER
International Standard Book Number 0030223199
020 ## - INTERNATIONAL STANDARD BOOK NUMBER
International Standard Book Number 9780030223198
035 ## - SYSTEM CONTROL NUMBER
System control number 145490
040 ## - CATALOGING SOURCE
Original cataloging agency DLC
Transcribing agency DLC
Modifying agency DLC
042 ## - AUTHENTICATION CODE
Authentication code pcc
050 00 - LIBRARY OF CONGRESS CALL NUMBER
Classification number HG4026
Item number .B6693 1999
082 00 - DEWEY DECIMAL CLASSIFICATION NUMBER
Classification number 658.15/11
Edition information 22
100 1# - MAIN ENTRY--PERSONAL NAME
Personal name Brigham, Eugene F.,
Dates associated with a name 1930-
245 10 - TITLE STATEMENT
Title Fundamentals of financial management /
Statement of responsibility, etc. Eugene F. Brigham, Joel F. Houston.
250 ## - EDITION STATEMENT
Edition statement Concise 2nd ed.
260 ## - PUBLICATION, DISTRIBUTION, ETC.
Place of publication, distribution, etc. Fort Worth, TX :
Name of publisher, distributor, etc. Dryden Press,
Date of publication, distribution, etc. c1999.
300 ## - PHYSICAL DESCRIPTION
Extent xxii, 641 p. :
Other physical details ill. (some col.) ;
Dimensions 27 cm.
336 ## - CONTENT TYPE
Content type term text
Content type code txt
Source rdacontent
337 ## - MEDIA TYPE
Media type term unmediated
Media type code n
Source rdamedia
338 ## - CARRIER TYPE
Carrier type term volume
Carrier type code nc
Source rdacarrier
440 #4 - SERIES STATEMENT/ADDED ENTRY--TITLE
Title The Dryden Press series in finance
500 ## - GENERAL NOTE
General note Tables A1-4 (folder) inserted.
504 ## - BIBLIOGRAPHY, ETC. NOTE
Bibliography, etc. note Includes bibliographical references and index.
650 #0 - SUBJECT ADDED ENTRY--TOPICAL TERM
Topical term or geographic name entry element Corporations
General subdivision Finance.
700 1# - ADDED ENTRY--PERSONAL NAME
Personal name Houston, Joel F.
856 42 - ELECTRONIC LOCATION AND ACCESS
Materials specified Contributor biographical information
Uniform Resource Identifier <a href="http://www.loc.gov/catdir/enhancements/fy1514/98071605-b.html">http://www.loc.gov/catdir/enhancements/fy1514/98071605-b.html</a>
856 41 - ELECTRONIC LOCATION AND ACCESS
Materials specified Table of contents only
Uniform Resource Identifier <a href="http://www.loc.gov/catdir/enhancements/fy1514/98071605-t.html">http://www.loc.gov/catdir/enhancements/fy1514/98071605-t.html</a>
906 ## - LOCAL DATA ELEMENT F, LDF (RLIN)
a 7
b cbc
c orignew
d 3
e opcn
f 19
g y-gencatlg
942 ## - ADDED ENTRY ELEMENTS (KOHA)
Source of classification or shelving scheme Library of Congress Classification
Koha item type Books
Suppress in OPAC No
Holdings
Withdrawn status Lost status Source of classification or shelving scheme Damaged status Not for loan Collection Home library Current library Shelving location Date acquired Total checkouts Full call number Barcode Date last seen Copy number Price effective from Koha item type
    Library of Congress Classification     Non-fiction Graduate Library (Christ Temple) Graduate Library (Christ Temple) General stacks 02/25/2026   HG 4011 BRI GSCT00002939 02/25/2026 1 02/25/2026 Books
© 2023-2024 Copyright: Central University Libraries. All Rights Reserved | Created by: Mahone Tech Office